Quel Disney se cache derrière cette image ? - Statistiques

Statistiques générales
  • Ce quiz a été pris 1 223 fois
  • Le résultat moyen est 8 sur 9
Statistiques - réponses
Par images Réponse % Correct
La belle et le clochard
96%
La reine des neiges
96%
Le roi lion
96%
Wall-E
94%
Le bossu de notre dame
91%
La belle et la bête
89%
Le livre de la jungle / Robin des bois
87%
1001 pattes
69%
Peter Pan
67%
Aucun quiz correspondant
Distribution des résultats
% des personnes avec chaque résultat
Percentile par nombre de réponses
Votre historique - résultats
Vous n’avez pas pris ce quiz